A Maybelline New York márka piacrész növelésének stratégiája Magyarországon

Bibliográfiai részletek
Szerző: Kantár Bence
További közreműködők: Brávácz Dr. Ibolya
Dokumentumtípus: Diplomadolgozat
Kulcsszavak:Maybelline New York
L'Oréal Paris
Dekorkozmetika
Stratégia
Marketingmix
Online Access:http://dolgozattar.uni-bge.hu/3928

MARC

LEADER 00000nta a2200000 i 4500
001 dolg3928
005 20160127160630.0
008 151202suuuu hu om 000 hun d
040 |a BGE Dolgozattár Repozitórium  |b hun 
041 |a hu 
100 1 |a Kantár Bence 
245 1 0 |a A Maybelline New York márka piacrész növelésének stratégiája Magyarországon  |c Kantár Bence  |h [elektronikus dokumentum] 
695 |a Maybelline New York 
695 |a L'Oréal Paris 
695 |a Dekorkozmetika 
695 |a Stratégia 
695 |a Marketingmix 
700 1 |a Brávácz Dr. Ibolya  |e ths 
856 4 0 |u http://dolgozattar.uni-bge.hu/3928/1/Kant%C3%A1r_Bence_EQFEOB_Szakdolgozat.pdf  |z Dokumentum-elérés